Fourteen minutes : the last voyage of the Empress of Ireland /

Bibliographic Details
Main Author: Croall, James
Format: Book
Language:English
Published: New York : Stein and Day, 1979
Subjects:

MARC

Tag First Indicator Second Indicator Subfields
LEADER 00000pam a2200000 i 4500
001 in00000045500
005 20151007073120.0
008 781222c19791978nyuaf 00010 eng
010 |a  78066246  
020 |a 0812825918 :  |c $10.00 
035 |a (OCoLC)04549474 
035 |9 AAE9152AM 
040 |a DLC  |c DLC  |d TXA  |d UtOrBLW 
043 |a n-cn-qu 
049 |a TXAM  |c [1160237] 
050 0 0 |a G530.E44  |b C76 1979 
082 0 |a 971.4 
100 1 |a Croall, James. 
245 1 0 |a Fourteen minutes :  |b the last voyage of the Empress of Ireland /  |c James Croall. 
264 1 |a New York :  |b Stein and Day,  |c 1979 
264 4 |c ©1978 
300 |a 237 pages, 4 unnumbered leaves of plates :  |b illustrations ;  |c 24 cm. 
336 |a text  |b txt  |2 rdacontent 
337 |a unmediated  |b n  |2 rdamedia 
338 |a volume  |b nc  |2 rdacarrier 
610 2 0 |a Empress of Ireland (Steamship) 
610 2 0 |a Storstad (Steamship) 
650 0 |a Shipwrecks  |z Québec (Province)  |z Saint Lawrence River Estuary. 
999 |a MARS 
999 f f |s 06f054ad-b52b-3c2a-8b29-2660260f3c4e  |i ee6fd3ab-9b1d-351d-828f-4067475b7821  |t 0 
952 f f |p ric  |a Texas A&M University  |b Rellis Campus  |c Joint Library Facility  |d Remote Storage  |t 0  |e G530.E44 C76 1979  |h Library of Congress classification  |i unmediated -- volume  |m A14802385851 
998 f f |a G530.E44 C76 1979  |t 0  |l Remote Storage